000 01362cad a22003015a 4500
001 L154299
008 111110s2011 xxk f 000 0 eng d
035 _a(Sirsi) u154299
041 0 _aeng
100 1 _aOwen, Sheila
245 0 0 _aLessons from international self build housing practices
_h[electronic resource]
260 _a[S.l.]
_bNaSBA
_c2011
520 _aThis report was prepared to inform an action plan to promote the growth of self build housing and identifies and examines some typical examples of international self build procurement and delivery for comparison to those currently practiced within the UK.
590 _aKA NTK
651 4 _aUnited Kingdom
_y
651 4 _aAustralia
651 4 _aGermany
_y1990-
651 4 _aNetherlands
651 4 _aUnited States
_y1959-
651 4 _aIreland (Republic of)
_y
690 _aBUILT ENVIRONMENT-CONSTRUCTION MANAGEMENT-CONSTRUCTION DESIGN AND MANAGEMENT
690 _aPROPERTY-RESIDENTIAL PROPERTY-DOMESTIC RESIDENTIAL PROPERTY-HOUSING
690 _aBUILT ENVIRONMENT-CONSTRUCTION MARKET
710 1 _aNational Self Build Association
_95919
710 1 _aUnited Kingdom
_bDepartment for Communities and Local Government
_94939
856 4 0 _uhttps://www.nasba.org.uk/Content/Reports.aspx
_zView the International Report Word document free of charge at www.nasba.org
942 _n0
999 _c112925
_d112925